000 00603nam a2200217Ia 4500
005 20250508164414.0
008 008 250505s9999 xx 000 0 hin d
020 _a81-7016-090-1
037 _aTextual
040 _aFEDL
_beng
_cFEDL
041 _ahin
_2eng
084 _a891.433, MAN
_qFEDL
100 _aNarendra Mohan Ed.
_9393154
245 0 _aSaadat Hasan Manto ki kahaniyan
260 _aNew Delhi, India
_bKitab Ghar Parkashan
_c2006
300 _a512p
365 _aINR
_b300
650 _aFiction - Hindi
942 _cTEXL
_h891.433, MAN
999 _c1388967
_d1388967